Poetry time here : (Record no. 40116)

MARC details
000 -LEADER
fixed length control field 00608nam a22001937a 4500
005 - DATE AND TIME OF LATEST TRANSACTION
control field 20100807145430.0
010 ## - LCCN (DPL NO)
LC control number ENG-98904
020 ## - INTERNATIONAL STANDARD BOOK NUMBER
Terms of availability 200.00
035 ## - SYSTEM CONTROL NUMBER
System control number EN-82436
037 ## - SOURCE OF ACQUISITION
Source of stock number/acquisition DBAD/PUB
082 ## - DEWEY DECIMAL CLASSIFICATION NUMBER
Classification number 881
100 ## - MAIN ENTRY--PERSONAL NAME
Personal name Amarendra Kumar
245 ## - TITLE STATEMENT
Title Poetry time here :
Remainder of title poems : perspective
Statement of responsibility, etc by Amarendra Kumar
260 ## - PUBLICATION, DISTRIBUTION, ETC. (IMPRINT)
Place of publication, distribution, etc Patna
Name of publisher, distributor, etc Balaji Graphics
Date of publication, distribution, etc 2010
270 ## - ADDRESS
Address Bari Path, Naya Tola
City Patna
Postal code 4
300 ## - PHYSICAL DESCRIPTION
Extent 387p.
Dimensions 21cm (pbk)
942 ## - ADDED ENTRY ELEMENTS (KOHA)
Source of classification or shelving scheme Dewey Decimal Classification
Item type English Books
Classification part 881
Call number suffix AMA
Holdings
Withdrawn status Lost status Not for loan Collection code Home library Current library Date acquired Source of acquisition Cost, normal purchase price Full call number Barcode Copy number Cost, replacement price Koha item type
    Not For Loan Non-fiction D.B.Act.Division D.B.Act.Division 07/08/2010 DBAD/PUB 200.00 881 AMA EN-82436 1 200.00 English Books

© Delhi Public Library
Hit Counter
free hit counter